000 01294nam a22003254a 4500
001 ebr10373102
003 CaPaEBR
006 m u
007 cr cn|||||||||
008 040301s2004 miua sb s001 0 eng
010 _z 2004004960
020 _z0472109413 (cloth : alk. paper)
020 _z0472030221 (cloth : alk. paper)
040 _aCaPaEBR
_cCaPaEBR
035 _a(OCoLC)613192830
050 1 4 _aHD2337
_b.R67 2004eb
082 0 4 _a331.25
_222
100 1 _aRoss, Robert J. S.,
_d1943-
245 1 0 _aSlaves to fashion
_h[electronic resource] :
_bpoverty and abuse in the new sweatshops /
_cRobert J. S. Ross.
260 _aAnn Arbor :
_bUniversity of Michigan Press,
_c2004.
300 _axii, 396 p. :
_bill.
504 _aIncludes bibliographical references (p. 352-376) and index.
533 _aElectronic reproduction.
_bPalo Alto, Calif. :
_cebrary,
_d2013.
_nAvailable via World Wide Web.
_nAccess may be limited to ebrary affiliated libraries.
650 0 _aSweatshops.
650 0 _aClothing workers.
650 0 _aClothing trade
_xCorrupt practices.
655 7 _aElectronic books.
_2local
710 2 _aebrary, Inc.
856 4 0 _uhttp://site.ebrary.com/lib/rucke/Doc?id=10373102
_zAn electronic book accessible through the World Wide Web; click to view
999 _c195218
_d195218